Capitales des Provinces Canadiennes aléatoires - Statistiques

Statistiques générales
  • Ce quiz a été pris 61 fois
  • Le résultat moyen est 8 sur 10
Statistiques - réponses
Hint Réponse % Correct
Québec Québec
100%
Ontario Toronto
100%
Nunavut Iqaluit
83%
Île-du-Prince-Édouard Charlottetown
80%
Nouvelle-Écosse Halifax
80%
Yukon Whitehorse
80%
Saskatchewan Regina
75%
Territoires du Nord-Ouest Yellowknife
75%
Colombie-Britannique Victoria
67%
Manitoba Winnipeg
60%
Alberta Edmonton
50%
Nouveau-Brunswick Fredericton
50%
Terre-Neuve-et-Labrador Saint-Jean
20%
Aucun quiz correspondant
Distribution des résultats
% des personnes avec chaque résultat
Percentile par nombre de réponses
Votre historique - résultats
Vous n’avez pas pris ce quiz